000 00492nam a22001697a 4500
003 BD-DhUL
005 20171108145933.0
008 171108snd. ir ||||| |||| 00| 0 per d
040 _aBD-DhUL
_cBD-DhUL
082 _a891.551
_bATM
100 1 _aعطار، فرید الدین
245 0 _aمنطق الطیر /
_cفرید الدین عطار
260 _aتھران :
_bچاپکاہ شنس،
_c۔
300 _aص۔ ۳۵۸ ؛
_c۲۴ سم۔
650 0 _aPersian poetry
942 _2ddc
_cBK
999 _c231836
_d231836